LEADER 01661nam0 22004213i 450 001 VAN0279426 005 20240709102919.352 017 70$2N$a9783031346521 100 $a20240709d2023 |0itac50 ba 101 $aeng 102 $aCH 105 $a|||| ||||| 200 1 $aD-Finite Functions$fManuel Kauers 210 $aCham$cSpringer$d2023 215 $ax, 664 p.$cill.$d24 cm 410 1$1001VAN0044925$12001 $aAlgorithms and computation in mathematics$1210 $aBerlin [etc.]$cSpringer$d1997-$v30 610 $aComputer algebra$9KW:K 610 $aD-finite functions$9KW:K 610 $aDifferentiably finite functions$9KW:K 610 $aDifferential equations$9KW:K 610 $aDiscrete mathematics$9KW:K 610 $aHolonomic functions$9KW:K 610 $aLinear recurrences$9KW:K 610 $aOre algebras$9KW:K 610 $aSpecial functions$9KW:K 610 $aSymbolic Computation$9KW:K 610 $aSymbolic summation and integration$9KW:K 620 $aCH$dCham$3VANL001889 700 1$aKauers$bManuel$3VANV231998$01438649 712 $aSpringer $3VANV108073$4650 801 $aIT$bSOL$c20240719$gRICA 856 4 $uhttps://doi.org/10.1007/978-3-031-34652-1$zE-book ? Accesso al full-text attraverso riconoscimento IP di Ateneo, proxy e/o Shibboleth 899 $aBIBLIOTECA DEL DIPARTIMENTO DI MATEMATICA E FISICA$1IT-CE0120$2VAN08 912 $fN 912 $aVAN0279426 950 $aBIBLIOTECA DEL DIPARTIMENTO DI MATEMATICA E FISICA$d08CONS e-Book 9412 $e08eMF9412 20240715 996 $aD-Finite Functions$93600298 997 $aUNICAMPANIA